| 000 | 00954nam a2200301Ia 4500 | ||
|---|---|---|---|
| 001 | dia_4903 | ||
| 003 | CHAP | ||
| 005 | 20251023165437.0 | ||
| 008 | 220117s2007 xx 000 0 und d | ||
| 010 | _a175701 | ||
| 020 | _a978-970-26-1014-4 | ||
| 040 | _cCHAP | ||
| 082 | _a658 G58 2007 | ||
| 100 |
_aGitman, Lawrence, J. _9152685 |
||
| 245 |
_aPrincipios de administración financiera / _c Lawrence J. Gitman ; traducción Miguel Angel Sánchez Carrión |
||
| 250 | _a11a ed. | ||
| 260 |
_aMéxico : _b Pearson Educación, _c2007 |
||
| 300 | _axxxvii, 688 p. | ||
| 500 | _aTitulo original: Principle of Menagerial Finance | ||
| 503 | _aC/e | ||
| 650 |
_aCorporaciones _xFinanzas _9157005 |
||
| 650 |
_aEmpresas _xFinanzas _9157006 |
||
| 700 |
_aSánchez Carrión, Miguel Angel, tr. _9157007 |
||
| 901 | _a658 G58 2007 | ||
| 902 | _aM | ||
| 905 | _a5232272007 mx amn 8222223322spa16 | ||
| 942 |
_cLIBRO _2ddc |
||
| 999 |
_c175701 _d175701 |
||